000 00584nam a22002297a 4500
999 _c355462
_d355462
001 69206
003 UA-OsUOA
005 20191122113244.0
007 ta
008 20100614b un ||||| |||| 00| 0 ukr d
040 _aUA-OsUOA
_brus
_cUA-OsUOA
_dUA-OsUOA
041 _arus
080 _a821.161.1-1
090 _a821.161.1-1
_bА95
100 _aАхматова А.
245 _aВечер
_bстихи
260 _aМ.
_bКнига
_c1988
300 _a92 с.
650 7 _a82 Література. Літературознавство
_2UDC
942 _cBK
_2udc
955 _a3